[Event "ch-USA w 2013"]
[Site "Saint Louis USA"]
[Date "2013.05.07"]
[Round "5"]
[White "Chiang,S"]
[Black "Krush,I"]
[Result "0-1"]
[WhiteElo "2098"]
[BlackElo "2470"]

1.d4 Nf6 2.c4 e6 3.Nc3 Bb4 4.e3 b6 5.Ne2 c5 6.a3 Ba5 7.Rb1 Na6 8.g3 Bb7 9.d5 b5
10.Bg2 bxc4 11.O-O O-O 12.e4 exd5 13.exd5 d6 14.Qa4 h6 15.Bf4 Re8 16.Rfd1 Nb8
17.Qxc4 Ba6 18.Nb5 Nbd7 19.Nec3 Ne5 20.Qa4 Bxb5 21.Qxb5 a6 22.Qa4 Bb6 23.Ne4 Nxe4
24.Bxe4 Qf6 25.Re1 c4 26.Re2 Ng6 27.Qxc4 Nxf4 28.gxf4 Kf8 29.Qb3 Rxe4 30.Rxe4 Qg6+
31.Qg3 Qxe4  0-1

[Event "ch-USA w 2013"]
[Site "Saint Louis USA"]
[Date "2013.05.09"]
[Round "6"]
[White "Foisor,S"]
[Black "Krush,I"]
[Result "1/2-1/2"]
[WhiteElo "2300"]
[BlackElo "2470"]

1.d4 Nf6 2.c4 e6 3.Nc3 Bb4 4.Qc2 d5 5.cxd5 exd5 6.Bg5 h6 7.Bxf6 Qxf6 8.e3 O-O
9.Bd3 c5 10.dxc5 d4 11.exd4 Nc6 12.Ne2 Nxd4 13.Nxd4 Qxd4 14.O-O Qxc5 15.Rac1 Be6
16.a3 Bxc3 17.Qxc3 Qxc3 18.Rxc3 Rac8 19.Rfc1 Rxc3 20.Rxc3 Rc8 21.Rxc8+ Bxc8
22.f4 Kf8 23.Kf2 Ke7 24.Ke3 Kd6 25.Kd4 b6 26.b4 f6 27.g3 Bb7 28.Bc4 Bf3 29.Bb3 Bb7
30.Bc4 Bf3 31.Bb3  1/2-1/2

[Event "ch-USA w 2013"]
[Site "Saint Louis USA"]
[Date "2013.05.12"]
[Round "9"]
[White "Krush,I"]
[Black "Baginskaite,C"]
[Result "1/2-1/2"]
[WhiteElo "2470"]
[BlackElo "2278"]

1.d4 Nf6 2.c4 e6 3.Nc3 Bb4 4.Qc2 O-O 5.a3 Bxc3+ 6.Qxc3 d6 7.Bg5 Nbd7 8.e3 b6
9.Ne2 c5 10.Qc2 Qc7 11.Nc3 Ba6 12.Rd1 cxd4 13.Rxd4 Qc5 14.Bh4 e5 15.Rd2 Rac8
16.Qa4 Bxc4 17.Bxc4 Qxc4 18.Qxc4 Rxc4 19.Bxf6 Nxf6 20.Rxd6 Rfc8 21.Ke2 R4c6
22.Rxc6 Rxc6 23.Rd1 Rc8 24.Nb5 a6 25.Nc3 Ne8 26.Nd5 Rb8 27.Ne7+ Kf8 28.Nc6 Rc8
29.Nxe5 Ke7 30.Nd3 Nf6 31.Rc1 Rxc1 32.Nxc1 Kd6 33.f3 Nd5 34.Kd3 f5 35.Ne2 g6
36.h4 b5 37.Kd4 Ne7 38.Nf4 Nc6+ 39.Kc3 a5 40.Ne2 Kc5 41.Nd4 b4+ 42.axb4+ axb4+
43.Kd3 Ne5+ 44.Ke2 Kc4 45.h5  1/2-1/2

[Event "Razuvaev Memorial"]
[Site "Rockville USA"]
[Date "2013.08.08"]
[Round "1.4"]
[White "Gulko,B"]
[Black "Krush,I"]
[Result "1-0"]
[WhiteElo "2533"]
[BlackElo "2489"]

1.d4 Nf6 2.c4 e6 3.Nc3 Bb4 4.e3 O-O 5.Bd3 d5 6.Nf3 c5 7.O-O cxd4 8.exd4 dxc4
9.Bxc4 b6 10.Bg5 Bb7 11.Re1 h6 12.Bh4 Nc6 13.a3 Be7 14.Qd3 Nh5 15.Bg3 Nxg3
16.hxg3 Bf6 17.d5 exd5 18.Nxd5 Bxb2 19.Rad1 Na5 20.Ne7+ Kh8 21.Qf5 Qxd1 22.Rxd1 Bxf3
23.Bd3  1-0

[Event "Razuvaev Memorial"]
[Site "Rockville USA"]
[Date "2013.08.09"]
[Round "2.3"]
[White "Krush,I"]
[Black "Tukmakov,V"]
[Result "1-0"]
[WhiteElo "2489"]
[BlackElo "2545"]

1.c4 e5 2.Nc3 Nf6 3.g3 d5 4.cxd5 Nxd5 5.Bg2 Nb6 6.Nf3 Nc6 7.O-O Be7 8.a3 Be6
9.d3 O-O 10.Be3 Nd5 11.Nxd5 Bxd5 12.Qa4 f6 13.Rac1 Rf7 14.Rc3 Bf8 15.Rfc1 a6
16.Qc2 Qd7 17.Nd2 Bxg2 18.Kxg2 Qd5+ 19.f3 Bd6 20.Qb3 Qxb3 21.Rxb3 Nd8 22.f4 exf4
23.gxf4 Re7 24.Kf3 c6 25.Ne4 Nf7 26.Bc5 Bxc5 27.Rxc5 Rd8 28.h4 Nd6 29.Nxd6 Rxd6
30.h5 Kf7 31.e4 Ke8 32.Ke3 Kd8 33.h6 g6 34.Rc1 Kc7 35.Rbc3 f5 36.e5 g5 37.fxg5 Rxe5+
38.Kf4 Rb5 39.Rc5 Rxb2 40.R1c2 Rb1 41.Rf2 Rg1 42.Rxf5 Rxd3 43.Rf7+ Rd7 44.Rg7 Kd8
45.Kf5 c5 46.Ke6 Re1+ 47.Kf6 c4 48.g6 Rd6+ 49.Kf7 Rxg6 50.Rxg6 Re7+ 51.Kf6 hxg6
52.Rh2 Kd7 53.h7 Re8 54.h8=Q Rxh8 55.Rxh8 Kd6 56.Rd8+ Kc5 57.Ke5 b5 58.Rc8+ Kb6
59.Kd4  1-0

[Event "Razuvaev Memorial"]
[Site "Rockville USA"]
[Date "2013.08.10"]
[Round "3.3"]
[White "Mihalcisin,A"]
[Black "Krush,I"]
[Result "1-0"]
[WhiteElo "2515"]
[BlackElo "2489"]

1.e4 c5 2.Nf3 d6 3.d4 cxd4 4.Nxd4 Nf6 5.Nc3 Nc6 6.Bc4 Bd7 7.O-O e6 8.Kh1 Be7
9.f4 Nxe4 10.Nxe4 d5 11.f5 dxc4 12.fxe6 Bxe6 13.Nxe6 fxe6 14.Qg4 Qd5 15.Nc3 Qe5
16.Qxc4 Rf8 17.Bf4 Qd4 18.Qxe6 Rxf4 19.Qg8+ Rf8 20.Rxf8+ Bxf8 21.Rf1 O-O-O
22.Rxf8 Qe5 23.Rxd8+ Nxd8 24.Qc4+ Nc6 25.g3 Qe1+ 26.Kg2 Qd2+ 27.Ne2 h6 28.Kf2 g5
29.a3 Qd6 30.b4 a6 31.c3 Kb8 32.Nd4 Qf6+ 33.Kg2 Nxd4 34.cxd4 h5 35.Qc5 Qg6
36.Qf8+ Ka7 37.Qc5+ Ka8 38.d5 Qe4+ 39.Kf2 g4 40.Qc8+ Ka7 41.Qc5+ Ka8 42.d6 Qf3+
43.Ke1 Qh1+ 44.Ke2 Qxh2+ 45.Qf2 Qh1 46.d7 Qe4+ 47.Qe3 Qc2+ 48.Ke1 Qb1+ 49.Kd2 Qb2+
50.Kd3 Qxa3+ 51.Kd4 Qxb4+ 52.Kd5 Qa5+ 53.Kd6 h4 54.Qe8+ Ka7 55.d8=Q Qa3+
56.Ke6  1-0

[Event "Razuvaev Memorial"]
[Site "Rockville USA"]
[Date "2013.08.11"]
[Round "4.3"]
[White "Krush,I"]
[Black "Alburt,L"]
[Result "1-0"]
[WhiteElo "2489"]
[BlackElo "2539"]

1.d4 Nf6 2.c4 c5 3.d5 b5 4.cxb5 a6 5.bxa6 Bxa6 6.Nc3 g6 7.e4 Bxf1 8.Kxf1 d6
9.g3 Bg7 10.Kg2 O-O 11.Nf3 Qb6 12.Qe2 Qa6 13.Qc2 Nbd7 14.h3 Rfb8 15.Bd2 Ne8
16.Rhb1 c4 17.Be3 Rb7 18.Bd4 Ne5 19.Nd2 Rab8 20.b3 cxb3 21.Rxb3 Rc8 22.Rxb7 Qxb7
23.Rb1 Qa6 24.Rb6 Qa8 25.Rb4 f5 26.exf5 Nf6 27.Bxe5 dxe5 28.fxg6 hxg6 29.Qb3 Bf8
30.Nde4 Kg7 31.Rb7 Kh6 32.Nxf6 exf6 33.Ne4 f5 34.Qe3+ f4 35.Qb6 Rc4 36.Nf6 Bg7
37.Ng4+ Kh5 38.Rxg7 Qxd5+ 39.Kh2 fxg3+ 40.Kxg3 Rc3+ 41.Ne3 Qe4 42.Rh7+ Kg5
43.h4+  1-0

[Event "Baku Open 2013"]
[Site "Baku AZE"]
[Date "2013.09.19"]
[Round "1.34"]
[White "Sevdimaliev,U"]
[Black "Krush,I"]
[Result "0-1"]
[WhiteElo "2226"]
[BlackElo "2492"]

1.e4 c5 2.Nf3 e6 3.c4 Nc6 4.Nc3 e5 5.Be2 d6 6.d3 f5 7.exf5 Bxf5 8.Nd5 Be7
9.O-O Nf6 10.a3 O-O 11.b4 Nxd5 12.cxd5 Nd4 13.Nxd4 cxd4 14.f4 Qd7 15.g4 Bg6
16.f5 Bf7 17.Bf3 Rac8 18.Bd2 Bh4 19.Be4 Qe7 20.Rc1 Bg5 21.Rxc8 Rxc8 22.f6 gxf6
23.Bxg5 fxg5 24.Qf3 Rf8 25.a4 Kg7 26.Kg2 Be8 27.Qxf8+ Qxf8 28.Rxf8 Kxf8 29.a5 h6
30.Kf3 Bd7 31.Kg3 Ke7 32.Bf3 Kd8 33.Bd1 Bb5 34.Bc2 Ke7 35.Kf3 b6 36.Ke4 bxa5
37.bxa5 Bd7  0-1

[Event "Baku Open 2013"]
[Site "Baku AZE"]
[Date "2013.09.22"]
[Round "4.15"]
[White "Krush,I"]
[Black "Pantsulaia,L"]
[Result "1/2-1/2"]
[WhiteElo "2492"]
[BlackElo "2596"]

1.d4 Nf6 2.c4 c5 3.d5 e6 4.Nc3 exd5 5.cxd5 d6 6.Nf3 a6 7.a4 g6 8.Bf4 Bg7
9.h3 O-O 10.e3 Re8 11.Nd2 Nbd7 12.Be2 Ne5 13.a5 Nfd7 14.O-O f5 15.Qc2 Rb8
16.Ra3 Qf6 17.Bg3 h5 18.f4 Nf7 19.Nf3 Qd8 20.e4 b5 21.axb6 fxe4 22.Nxe4 Qxb6
23.Rb1 Nf8 24.Nh4 Nh6 25.Bf2 Nf5 26.Nf3 a5 27.Bd3 Ba6 28.Nfd2 Bd4 29.Rb3 Qa7
30.Rxb8 Rxb8 31.Nf3 Bxd3 32.Qxd3 Bxf2+ 33.Nxf2 Rb4 34.Qd2 Qb6 35.g4 hxg4
36.hxg4 Nd4 37.Nxd4 Rxd4 38.Qe3 Rb4 39.Ne4 Qd8 40.g5 Nh7 41.Re1 Qd7 42.Re2 Qg4+
43.Kf1 a4 44.Ke1 Rb3 45.Nc3 Nf8 46.Kf1 a3 47.bxa3 Rxa3 48.Ne4 Rxe3 49.Nf6+ Kf7
50.Nxg4 Rf3+ 51.Kg2 Rxf4 52.Nh6+ Kg7 53.Re7+ Kh8 54.Nf7+ Kg8 55.Nh6+  1/2-1/2

[Event "Baku Open 2013"]
[Site "Baku AZE"]
[Date "2013.09.23"]
[Round "5.2"]
[White "Khismatullin,D"]
[Black "Krush,I"]
[Result "1/2-1/2"]
[WhiteElo "2661"]
[BlackElo "2492"]

1.Nf3 c5 2.c4 Nc6 3.d4 cxd4 4.Nxd4 e6 5.Nc3 Nf6 6.Bf4 Bb4 7.Nb5 O-O 8.a3 Bxc3+
9.Nxc3 d5 10.e3 h6 11.Bg3 b6 12.cxd5 exd5 13.Qa4 Bb7 14.Bb5 Qc8 15.O-O Qe6
16.Rad1 Ne7 17.Bd3 Nf5 18.Bf4 Nd6 19.Ne2 Rfd8 20.Nd4 Qe8 21.Qc2 Nfe4 22.Rfe1 Rac8
23.Qe2 Qe7 24.f3 Nc5 25.Bb1 Ba6 26.Qf2 Ne6 27.Bg3 Nxd4 28.Rxd4 Qe6 29.e4 dxe4
30.Bxd6 Rxd6 31.Rdxe4 Qd7 32.h4 Rd1 33.Ba2 Bb7 34.Rf4 Rcc1 35.Rxd1 Rxd1+
36.Kh2 Bd5 37.Bxd5 Rxd5 38.Qe3 h5 39.Re4 Qc7+ 40.Qf4 Qxf4+ 41.Rxf4 Rd2 42.Rb4 Kf8
43.a4 Ke7 44.a5 bxa5 45.Rb5 g6  1/2-1/2

[Event "Baku Open 2013"]
[Site "Baku AZE"]
[Date "2013.09.24"]
[Round "6.16"]
[White "Krush,I"]
[Black "Shanava,K"]
[Result "1/2-1/2"]
[WhiteElo "2492"]
[BlackElo "2567"]

1.c4 e5 2.g3 Nc6 3.Bg2 g6 4.Nc3 Bg7 5.e4 d6 6.Nge2 Be6 7.d3 Nge7 8.Nd5 f5
9.O-O O-O 10.Be3 Qd7 11.Qd2 Rf7 12.Rac1 Raf8 13.f3 Nd8 14.b3 Nc8 15.exf5 Bxf5
16.d4 Bh3 17.dxe5 dxe5 18.Rcd1 Bxg2 19.Kxg2 Qc6 20.Nec3 Ne6 21.Ne4 a6 22.Qb4 Nd4
23.Ng5 Rd7 24.Bxd4 exd4 25.Rfe1 Rd6 26.Ne4 Re6 27.Nc5 Rxe1 28.Rxe1 a5 29.Qb5 Qxb5
30.cxb5 c6 31.bxc6 bxc6 32.Nf4 Nd6 33.Nce6 Re8 34.Rc1 Nf5 35.Rxc6 Bh6 36.g4 Ne3+
37.Kg3 Nf1+ 38.Kf2 Bxf4 39.Kxf1 Bxh2 40.Nxd4 Re3 41.Ra6 Be5 42.Nc6 Bf4 43.Kf2 Rc3
44.Ne7+ Kf7 45.Nd5 Rc2+ 46.Kf1 Bd2 47.a3 Ra2 48.a4 Rb2 49.Rb6 h5 50.gxh5 gxh5
51.Rb5 h4 52.Kg2 Bb4+ 53.Kh3 Rxb3 54.Nxb4 axb4 55.Kxh4 Rxf3 56.Rxb4 Ke6 57.Kg4  1/2-1/2

[Event "Baku Open 2013"]
[Site "Baku AZE"]
[Date "2013.09.25"]
[Round "7.14"]
[White "Goganov,A"]
[Black "Krush,I"]
[Result "1/2-1/2"]
[WhiteElo "2577"]
[BlackElo "2492"]

1.Nf3 Nf6 2.c4 c5 3.Nc3 Nc6 4.g3 d5 5.cxd5 Nxd5 6.Bg2 Nc7 7.O-O e5 8.a3 Rb8
9.d3 Be7 10.Be3 O-O 11.Rc1 b6 12.b4 cxb4 13.axb4 Bxb4 14.Na2 Bc5 15.Bxc5 bxc5
16.Rxc5 Qd6 17.Qc2 Rb2 18.Qxb2 Qxc5 19.Rc1 Qd6 20.Qc2 Bd7 21.Nxe5 Qxe5 22.Bxc6 Bxc6
23.Qxc6 Qxe2 24.Nc3 Qe7 25.d4 Rd8 26.d5 h6 27.Rd1 Ne8 28.Qc4  1/2-1/2

[Event "Baku Open 2013"]
[Site "Baku AZE"]
[Date "2013.09.26"]
[Round "8.15"]
[White "Krush,I"]
[Black "Mirzoev,A"]
[Result "1/2-1/2"]
[WhiteElo "2492"]
[BlackElo "2544"]

1.d4 d5 2.c4 c6 3.Nc3 Nf6 4.Nf3 dxc4 5.a4 Bf5 6.Ne5 e6 7.f3 c5 8.e4 Bg6 9.Be3 cxd4
10.Qxd4 Qxd4 11.Bxd4 Nfd7 12.Nxd7 Nxd7 13.Bxc4 Rc8 14.Bb5 a6 15.Bxd7+ Kxd7
16.Ke2 f6 17.Rhd1 Ke8 18.Rac1 Be7 19.a5 Rf8 20.Na4 Rxc1 21.Rxc1 e5 22.Be3 Bd6
23.Rd1 Be7 24.Bc5 Rf7 25.Bxe7 Rxe7 26.Nc5 Bf7 27.Rd6 Rc7 28.b4 Bc4+ 29.Kd2 Bb5
30.Ne6 Rf7 31.Nc5 Rc7 32.Ne6 Rf7 33.Nc5 Rc7 34.Ke3 Ke7 35.Rd1 Bc6 36.g3 Rc8
37.f4 g6 38.h4 h5 39.Rd2 Re8 40.fxe5 fxe5 41.Nd3 Ke6 42.Rc2 Kd6 43.Rc5 Re7
44.Ne1 Ke6 45.Nf3 Kf6 46.Rc2 Kg7 47.Rd2 Kf6 48.Rd6+ Kg7 49.Ng5 Bd7 50.Nf3 Bb5
51.Ng5 Bd7 52.Kd2 Bb5 53.Ne6+ Kf7 54.Nc5 Rc7 55.Ke3 Bc6 56.Kf3 Rc8 57.g4 Kg7
58.Ne6+ Kg8 59.g5 Bb5 60.Nc5 Rf8+ 61.Ke3 Rf4 62.Rxg6+ Kf7 63.Re6 Rxh4 64.Rxe5 Rh1
65.Nxb7 Kg6 66.Nd6 Bd7 67.Re7 Bg4 68.Ra7 Kxg5 69.Rxa6 Re1+ 70.Kd4 h4 71.Nf7+ Kf4
72.Rf6+ Kg3 73.Ne5 Rd1+ 74.Kc5 Be2 75.b5 Rc1+ 76.Kd4 Bxb5 77.Rg6+ Kf2 78.Ng4+ Kf3
79.Nh2+ Kf2 80.Ng4+ Kf3 81.Nh2+  1/2-1/2

[Event "Baku Open 2013"]
[Site "Baku AZE"]
[Date "2013.09.27"]
[Round "9.18"]
[White "Krush,I"]
[Black "Durarbayli,V"]
[Result "1-0"]
[WhiteElo "2492"]
[BlackElo "2567"]

1.d4 d5 2.c4 c6 3.cxd5 cxd5 4.Nc3 Nc6 5.Nf3 Nf6 6.Bf4 a6 7.e3 Bg4 8.h3 Bxf3
9.Qxf3 e6 10.Bd3 Be7 11.O-O O-O 12.Rfc1 Rc8 13.Qd1 Nd7 14.Nb1 Qb6 15.Nd2 g6
16.Qb3 Qa7 17.Rc3 b5 18.a4 b4 19.Rcc1 Qb7 20.Qd1 e5 21.dxe5 Ndxe5 22.Be2 Rfd8
23.Qf1 Ra8 24.Nb3 Qb6 25.a5 Qa7 26.Rc2 Bd6 27.Rac1 Ne7 28.Bg5 Kg7 29.Bxe7 Qxe7
30.Bxa6 h5 31.Bb5 h4 32.a6 Nc4 33.Nd4 b3 34.Rc3 Nd2 35.Qd1 Ne4 36.Rxb3 Rdc8
37.Nc6 Qg5 38.Rd3 Qf6 39.Rc2 Rxa6 40.Bxa6 Rxc6 41.Bb5 Rxc2 42.Qxc2 Qe5 43.f4 Qe6
44.Bc6 Nf6 45.Qc3 Kg8 46.Bb7 Bf8 47.Qb3 Bc5 48.Kh2 Ng4+ 49.hxg4 Qxg4 50.Qd1 Qg3+
51.Kh1 h3 52.Bxd5 Bxe3 53.Qf1 hxg2+ 54.Bxg2 g5 55.Ra3 g4 56.Bh3 f5 57.Qc4+ Kg7
58.Qc3+  1-0

[Event "St Louis Classic GM 2013"]
[Site "Saint Louis USA"]
[Date "2013.11.21"]
[Round "1.2"]
[White "Krush,I"]
[Black "Bykhovsky,An ISR"]
[Result "1-0"]
[WhiteElo "2502"]
[BlackElo "2502"]

1.d4 Nf6 2.c4 g6 3.Nf3 Bg7 4.e3 O-O 5.Be2 c5 6.d5 b5 7.cxb5 a6 8.O-O axb5
9.Bxb5 e6 10.Nc3 exd5 11.Nxd5 Bb7 12.Bc4 Nc6 13.Bd2 Ne4 14.Qc2 Nxd2 15.Qxd2 Na5
16.Be2 Bxb2 17.Qxb2 Bxd5 18.Qe5 Bxf3 19.Bxf3 d6 20.Qf4 Ra6 21.Rad1 Qe7 22.Rd2 Rb8
23.Be2 Rc6 24.Qa4 Qa7 25.Qh4 Qc7 26.Rfd1 Rcb6 27.Qf6 Nb7 28.g3 Re8 29.Bf3 Re6
30.Qc3 Nd8 31.Bd5 Re7 32.Qf6 Nc6 33.h4 Nb4 34.h5 Nxd5 35.Rxd5 Re6 36.Qc3 Qb7
37.Rxc5 Re8 38.h6 f6 39.Rc7 Qf3 40.Qc4+ Kh8 41.Qf7  1-0

[Event "St Louis Classic GM 2013"]
[Site "Saint Louis USA"]
[Date "2013.11.22"]
[Round "2.5"]
[White "Sarkar,J"]
[Black "Krush,I"]
[Result "1/2-1/2"]
[WhiteElo "2432"]
[BlackElo "2502"]

1.d4 Nf6 2.c4 c5 3.d5 e5 4.Nc3 d6 5.e4 Be7 6.Bd3 Nbd7 7.Be3 a6 8.a3 O-O 9.f3 Nh5
10.g3 g6 11.Bh6 Ng7 12.Qd2 Nf6 13.Nge2 Kh8 14.O-O Ng8 15.Be3 Bh3 16.Rfb1 f5
17.Kh1 fxe4 18.fxe4 Nf6 19.Ng1 Bd7 20.b4 b6 21.h3 Nfh5 22.Nce2 Rf7 23.Rf1 Rxf1
24.Rxf1 g5 25.Kg2 g4 26.h4 Qc7 27.bxc5 bxc5 28.Bg5 Bxg5 29.Qxg5 Re8 30.Nc3 Kg8
31.Nge2 Qb8 32.Rb1 Qc7 33.Nc1 Rb8 34.Rxb8+ Qxb8 35.Qe7 Qf8 36.Qxf8+ Kxf8
37.Bc2 Nf6 38.a4 Ke7 39.a5  1/2-1/2

[Event "St Louis Classic GM 2013"]
[Site "Saint Louis USA"]
[Date "2013.11.26"]
[Round "4.5"]
[White "Krush,I"]
[Black "Boros,De"]
[Result "1/2-1/2"]
[WhiteElo "2502"]
[BlackElo "2484"]

1.d4 Nf6 2.c4 g6 3.Nf3 Bg7 4.e3 c6 5.Be2 d5 6.O-O O-O 7.Nc3 a6 8.a4 a5 9.Qb3 e6
10.Bd2 Nbd7 11.Rac1 b6 12.cxd5 exd5 13.Rfd1 Re8 14.Qc2 Bb7 15.Na2 Qb8 16.Be1 Rc8
17.Bd3 Bf8 18.h3 Bd6 19.Qb1 Bf8 20.Qc2 Bd6 21.Qb1 Bf8 22.Qc2  1/2-1/2

[Event "St Louis Classic GM 2013"]
[Site "Saint Louis USA"]
[Date "2013.11.26"]
[Round "5.2"]
[White "Kleiman,J"]
[Black "Krush,I"]
[Result "0-1"]
[WhiteElo "2362"]
[BlackElo "2502"]

1.Nf3 c5 2.c4 Nc6 3.Nc3 g6 4.g3 Bg7 5.Bg2 d6 6.O-O Nf6 7.d4 cxd4 8.Nxd4 Bd7
9.Nc2 O-O 10.b3 Qa5 11.Bb2 Qh5 12.Nd5 Ng4 13.h3 Nxf2 14.Rxf2 Bxb2 15.Rb1 Be5
16.Kh2 Qg5 17.Nf4 e6 18.b4 Rac8 19.e4 Qe7 20.Rd2 Rfd8 21.Rb3 Nb8 22.Qf1 Ba4
23.Ra3 Bxc2 24.Rxc2 Nc6 25.Qe1 Nd4 26.Rc1 b5 27.Qf1 h5 28.Nd3 bxc4 29.Nxe5 dxe5
30.Rxc4 Nc2 31.Rxc8 Rxc8 32.Ra5 Nxb4 33.a3 Nc2 34.Qf2 Rc7 35.Rxe5 Nxa3 36.Ra5 Nc4
37.Ra6 Nb6 38.h4 Rc3 39.Qd4 Qc7 40.e5 Rc2 41.Ra1 Qb7 42.Qd8+ Kh7 43.Rg1 Qf3  0-1

[Event "St Louis Classic GM 2013"]
[Site "Saint Louis USA"]
[Date "2013.11.26"]
[Round "7.3"]
[White "Yang,Dar"]
[Black "Krush,I"]
[Result "1/2-1/2"]
[WhiteElo "2482"]
[BlackElo "2502"]

1.d4 Nf6 2.c4 e6 3.Nf3 Bb4+ 4.Nbd2 b6 5.a3 Bxd2+ 6.Qxd2 a5 7.b3 Ba6 8.Qc2 O-O
9.e4 d5 10.e5 Ne4 11.Bd3 Bb7 12.O-O Nd7 13.Be3 c5 14.Rfd1 Qe7 15.Nd2 cxd4
16.Bxd4 Nxd2 17.Qxd2 Nc5 18.Bc2 dxc4 19.bxc4 Ba6 20.Rab1 Rab8 21.Be3 Bxc4
22.Qd6 Qxd6 23.Rxd6 Rfc8 24.Rdxb6 Rxb6 25.Rxb6 Nd7 26.Rd6 Nxe5 27.Bb6 Bd5
28.Rd8+ Rxd8 29.Bxd8 Nc4 30.Bd3 Nxa3 31.Bxa5 Bc4 32.Bb4 Bxd3  1/2-1/2

[Event "St Louis Classic GM 2013"]
[Site "Saint Louis USA"]
[Date "2013.11.26"]
[Round "8.3"]
[White "Krush,I"]
[Black "Diamant,A"]
[Result "1/2-1/2"]
[WhiteElo "2502"]
[BlackElo "2465"]

1.d4 Nf6 2.c4 e6 3.Nc3 d5 4.cxd5 Nxd5 5.Nf3 c5 6.e3 cxd4 7.exd4 Bb4 8.Bd2 O-O
9.Bd3 Nc6 10.O-O Be7 11.Qe2 Ndb4 12.Be4 f5 13.Bb1 Nxd4 14.Nxd4 Qxd4 15.Be3 Qf6
16.a3 Nc6 17.f4 Bd7 18.Ba2 Rad8 19.Rac1 Kh8 20.Rfe1 Bc8 21.Kh1 Qh6 22.Rf1 Qg6
23.Nb5 a6 24.Nc7 Nd4 25.Bxd4 Rxd4 26.Nxe6 Bxe6 27.Qxe6 Qxe6 28.Bxe6 Bd6 29.Rcd1 Rxd1  1/2-1/2

[Event "St Louis Classic GM 2013"]
[Site "Saint Louis USA"]
[Date "2013.11.27"]
[Round "9.4"]
[White "Priyadharshan,K"]
[Black "Krush,I"]
[Result "1/2-1/2"]
[WhiteElo "2402"]
[BlackElo "2502"]

1.e4 c5 2.b3 a6 3.Bb2 d6 4.f4 Nc6 5.Nc3 Nf6 6.Qf3 e6 7.O-O-O Nd4 8.Qe3 b5
9.Nf3 Qb6 10.e5 Ng4 11.Qe1 Bb7 12.Nxd4 cxd4 13.Ne4 dxe5 14.h3 Ne3 15.dxe3 Bxe4
16.exd4 Qc6 17.Bd3 Bxg2 18.Rh2 Bf3 19.fxe5 Rc8 20.Rdd2 Bb4 21.Qh4 Bxd2+ 22.Rxd2 a5
23.Rf2 Kf8 24.Kb1 Kg8 25.Bc1 h6 26.Qf4 Bh5 27.Qg3 Qe8 28.Rf6 Rh7 29.Bxh6 Bg6
30.Rxg6 fxg6 31.Bxg6 Qd7 32.Be3 Qc6 33.Qg4 Rf8 34.Be4 Qc3 35.Qxe6+ Kh8 36.Bd3 a4
37.Bc1 Qxd4 38.Qe7 Rc8 39.Qb7 Rd8 40.Bxh7 Kxh7 41.Qxb5 axb3 42.axb3 Rd5 43.Qf1 Qxe5
44.Qf3 Ra5 45.Qd3+ Kg8 46.Qc4+ Kh7 47.Qh4+ Kg8 48.Qc4+ Kh7 49.Qh4+ Kg8 50.Bb2 Qf5
51.Qc4+ Kh7 52.Bc3 Rd5 53.Kb2 Qd7 54.Qe4+ Kg8 55.Qg6 Rd6 56.Qg5 Rh6 57.h4 Qf7
58.Bd2 Rf6 59.Qe5 Rf5 60.Qb8+ Kh7 61.Bg5 Qe6 62.Qg3 Kg8 63.Qe3 Qd5 64.Qd2 Qe5+
65.Qc3 Qe4 66.b4 Rf3 67.Qc5 Rf5 68.Qc3 Rf3 69.Qc5 Rf5 70.Qc3 Kh7 71.Qd2 Rf3
72.Qd6 Rf2 73.Qc5 Rf5 74.Qc3 Kg6 75.Qd2 Rd5 76.Qc3 Rd4 77.Kb3 Kh5 78.Qc5 Rd5
79.Qc4 Qf3+ 80.Qc3 Qf7 81.Kb2 Rd1 82.Qc5 Rd5 83.Qc3 Kg6 84.Qc4 Qf5 85.Qc6+ Kh7
86.Qc3 Qf1 87.Qe3 Qc4 88.Qb3 Qe4 89.Qc3 Rd1 90.Qc5 Rd4 91.Kb3 Qe6+ 92.Kc3 Rd6
93.Kb2 Rd1 94.Bf4 Rf1 95.Bg5 Qe1 96.Qc3 Qb1+ 97.Ka3 Rf8 98.Qb2 Rf3+ 99.c3 Qd1
100.b5 Qd6+ 101.Ka4 Qc5 102.Qb4 Qa7+ 103.Kb3 Qf7+ 104.Qc4 Qf5 105.Qe2 Rf2
106.Qh5+ Kg8 107.Qe8+ Kh7 108.Qh5+ Kg8 109.Qe8+ Kh7 110.Qh5+ Kg8  1/2-1/2

[Event "World Rapid Women 2014"]
[Site "Khanty-Mansiysk RUS"]
[Date "2014.04.23"]
[Round "5.10"]
[White "Drozdova,D"]
[Black "Krush,I"]
[Result "0-1"]
[WhiteElo "2258"]
[BlackElo "2491"]

1.d4 Nf6 2.c4 e6 3.Nc3 Bb4 4.e3 O-O 5.Ne2 d5 6.a3 Be7 7.cxd5 exd5 8.g3 a5
9.Bg2 Na6 10.O-O Re8 11.Nf4 c6 12.h3 Nc7 13.Re1 Ne6 14.Nxe6 Bxe6 15.Qc2 Qc8
16.Kh2 Bf5 17.Qd1 Bd6 18.Bd2 h5 19.Rc1 h4 20.Nxd5 hxg3+ 21.fxg3 Nxd5 22.Bxd5 Bxg3+
23.Kxg3 Qb8+ 24.Kg2 cxd5 25.Rg1 Ra6 26.Qh5 Rg6+ 27.Kf3 Be4+  0-1

[Event "World Blitz Women 2014"]
[Site "Khanty-Mansiysk RUS"]
[Date "2014.04.26"]
[Round "10.3"]
[White "Paehtz,E"]
[Black "Krush,I"]
[Result "1-0"]
[WhiteElo "2440"]
[BlackElo "2491"]

1.e4 e6 2.d4 d5 3.Nc3 Bb4 4.a3 Bxc3+ 5.bxc3 dxe4 6.Qg4 Nf6 7.Qxg7 Rg8 8.Qh6 c5
9.Ne2 Bd7 10.Bg5 Ng4 11.Bxd8 Nxh6 12.Bc7 Bc6 13.h3 cxd4 14.cxd4 Nf5 15.Ng3 Nxd4
16.O-O-O e5 17.Bxe5 Ne6 18.Nf5 Nd7 19.Nd6+ Ke7 20.Nf5+ Ke8 21.Bc3 Rg5 22.Nd6+ Ke7
23.Bb4 Ndc5 24.h4 Rd5 25.Rxd5 Bxd5 26.Nf5+ Kf6 27.Ne3 Bc6 28.Bc3+ Ke7 29.Nf5+ Kd7
30.Bc4 Rg8 31.Rd1+ Kc7 32.Be5+ Kb6 33.g3 Rd8 34.Rxd8 Nxd8 35.Bd4 Ne6 36.Bxe6 fxe6
37.Ng7 Bd5 38.g4 Kb5 39.g5 Nd7 40.h5 Kc4 41.Bf6 e5 42.Kd2 Bf7 43.Ke3 Kc3
44.Kxe4 Kxc2 45.Bxe5 b5 46.Bd4 a5 47.f4 Kb3 48.f5 Kxa3 49.g6 hxg6 50.fxg6 Bb3
51.Nf5 Nf8 52.g7 Ne6  1-0

[Event "ch-USA w 2014"]
[Site "Saint Louis USA"]
[Date "2014.05.08"]
[Round "1.1"]
[White "Nemcova,Kat"]
[Black "Krush,I"]
[Result "0-1"]
[WhiteElo "2282"]
[BlackElo "2489"]

1.e4 c5 2.Nf3 Nc6 3.d4 cxd4 4.Nxd4 Nf6 5.Nc3 d6 6.Bc4 e6 7.Be3 a6 8.Qe2 Qc7
9.Bb3 Be7 10.O-O-O Na5 11.g4 b5 12.g5 Nxb3+ 13.axb3 Nd7 14.f4 b4 15.Na4 Bb7
16.Bd2 Nc5 17.Bxb4 Nxe4 18.Rhf1 O-O 19.Nc3 a5 20.Ndb5 Qb8 21.Ba3 Nxc3 22.Nxc3 Ba6
23.Qg4 Bxf1 24.Rxf1 Qa7 25.h4 d5 26.Bxe7 Qxe7 27.f5 Qb4 28.Rf4 Qc5 29.h5 Rac8
30.fxe6 Qe3+ 31.Kb1 fxe6 32.Rxf8+ Rxf8 33.g6 hxg6 34.hxg6 Rf6 35.Qa4 Qg1+
36.Ka2 Qxg6 37.Qxa5 Qxc2 38.Nb5 Kh7 39.Qb4 e5 40.Qh4+ Rh6 41.Qg3 Qe2 42.Nc3 Qa6+
43.Na4 Qd6 44.Qg5 d4 45.Qf5+ Kg8 46.Qc8+ Qf8 47.Qc4+ Kh8 48.Qd5 Qf5 49.Nc5 Kh7
50.b4 Rh2 51.Ne4 Rh4 52.Nc5 Rh3 53.Ne6 d3 54.Qd7 Rg3 55.Qe7 Rg4 56.Ka3 d2
57.Nf8+ Qxf8  0-1

[Event "ch-USA w 2014"]
[Site "Saint Louis USA"]
[Date "2014.05.09"]
[Round "2.1"]
[White "Krush,I"]
[Black "Eswaran,Ashritha"]
[Result "1-0"]
[WhiteElo "2489"]
[BlackElo "1979"]

1.c4 c5 2.Nf3 Nf6 3.Nc3 e6 4.g3 b6 5.Bg2 Bb7 6.O-O Be7 7.Re1 O-O 8.e4 d6
9.d4 cxd4 10.Nxd4 Nfd7 11.Be3 Ne5 12.b3 Nbc6 13.h3 Nxd4 14.Qxd4 Bf6 15.Qd2 a6
16.Rad1 Be7 17.f4 Nc6 18.Qf2 Qb8 19.Bxb6 Bd8 20.Re2 Ne7 21.Red2 Bxb6 22.Qxb6 Nc8
23.Qe3 Bc6 24.Ne2 Ra7 25.Nd4 Ba8 26.Nf3 f6 27.Nd4 Re7 28.f5 e5 29.Ne6 Rfe8
30.c5 Qa7 31.b4 Bc6 32.Kh2 dxc5 33.bxc5 Bd7 34.Bf1 Bxe6 35.fxe6 Rc7 36.Rd8 Kf8
37.Rxe8+ Kxe8 38.Qd2 Ke7 39.Qd8+  1-0

[Event "ch-USA w 2014"]
[Site "Saint Louis USA"]
[Date "2014.05.10"]
[Round "3.2"]
[White "Zenyuk,I"]
[Black "Krush,I"]
[Result "1/2-1/2"]
[WhiteElo "2249"]
[BlackElo "2489"]

1.Nf3 Nf6 2.c4 e6 3.Nc3 d5 4.d4 Bb4 5.Bg5 h6 6.Bxf6 Qxf6 7.Qa4+ Nc6 8.e3 O-O
9.Be2 Bxc3+ 10.bxc3 Bd7 11.Qc2 dxc4 12.Bxc4 e5 13.O-O Bg4 14.Bd5 exd4 15.exd4 Bf5
16.Be4 Bxe4 17.Qxe4 Rfe8 18.Qd3 Re7 19.Rfe1 Rae8 20.Rxe7 Rxe7 21.h3 a5 22.Rd1 b6
23.a3 Qd6 24.c4 a4 25.Qc3 Re2 26.Qd3 Re8 27.Qc3 Re2 28.Qd3 Re8 29.Qc3 Re2
30.Qd3 Re8  1/2-1/2

[Event "ch-USA w 2014"]
[Site "Saint Louis USA"]
[Date "2014.05.12"]
[Round "4.1"]
[White "Krush,I"]
[Black "Baginskaite,C"]
[Result "1-0"]
[WhiteElo "2489"]
[BlackElo "2267"]

1.d4 Nf6 2.c4 e6 3.Nc3 Bb4 4.e3 O-O 5.Bd3 d5 6.Nf3 c5 7.O-O Nc6 8.cxd5 exd5
9.dxc5 Bxc5 10.h3 Re8 11.b3 Ne4 12.Bb2 Bf5 13.Rc1 Bb6 14.Na4 Bc7 15.Nc5 Nxc5
16.Rxc5 Be4 17.Bxe4 dxe4 18.Rd5 Qc8 19.Ng5 f6 20.Rd7 Ne7 21.Qh5 Qxd7 22.Qf7+ Kh8
23.Bxf6  1-0

[Event "ch-USA w 2014"]
[Site "Saint Louis USA"]
[Date "2014.05.13"]
[Round "5.1"]
[White "Abrahamyan,T"]
[Black "Krush,I"]
[Result "1/2-1/2"]
[WhiteElo "2366"]
[BlackElo "2489"]

1.e4 c5 2.Nf3 Nc6 3.d4 cxd4 4.Nxd4 e5 5.Nb5 d6 6.c4 Be7 7.Bd3 a6 8.N5c3 Bg5
9.Na3 Bxc1 10.Rxc1 Nge7 11.O-O Nd4 12.Nd5 O-O 13.Kh1 Bd7 14.Qd2 b5 15.f4 Nxd5
16.exd5 f6 17.b4 bxc4 18.Nxc4 Bb5 19.Na5 Qb6 20.Nc6 Kh8 21.Bxb5 axb5 22.Qf2 Rfe8
23.Rc3 h6 24.Rh3 Qb7 25.fxe5 dxe5 26.Nxd4 exd4 27.Qxd4 Rxa2 28.Rg3 Ree2 29.h3 Red2
30.Qc5 Kh7 31.Re1 Rxd5 32.Re7 Rxc5 33.Rgxg7+ Kh8 34.Rxb7 Rg5 35.Rxg5 hxg5
36.Rxb5 Kg7 37.Kh2 Rb2 38.Rb8 Kg6 39.b5 Kf5 40.b6 Kf4 41.b7  1/2-1/2

[Event "ch-USA w 2014"]
[Site "Saint Louis USA"]
[Date "2014.05.14"]
[Round "6.1"]
[White "Krush,I"]
[Black "Melekhina,A"]
[Result "1/2-1/2"]
[WhiteElo "2489"]
[BlackElo "2151"]

1.d4 Nf6 2.Nf3 c5 3.d5 e6 4.c4 b5 5.dxe6 fxe6 6.cxb5 d5 7.Nc3 Bb7 8.e4 d4
9.e5 Nfd7 10.Na4 a6 11.bxa6 Nxa6 12.Bc4 Nc7 13.b3 Be7 14.Bf4 O-O 15.Bg3 Rf5
16.Be2 Nd5 17.Rc1 Nf4 18.Bxf4 Rxf4 19.O-O g5 20.Ne1 Qf8 21.Nd3 Rh4 22.Bg4 Bd5
23.f4 Qh6 24.h3 gxf4 25.Qe2 Bg5 26.Bf3 Rxa4 27.bxa4 c4 28.Nb4 d3 29.Qb2 Be7
30.Nxd5 Bc5+ 31.Kh2 exd5 32.Bxd5+ Kf8 33.Rxc4 Qg5 34.Rf3 Nxe5 35.Qb8+ Ke7
36.Qc7+ Kf6 37.Qd8+ Be7 38.Qb6+ Kg7 39.Rc1 Nxf3+ 40.Bxf3 Rxh3+ 41.gxh3 Qg3+
42.Kh1 Qxf3+ 43.Kg1 Qg3+ 44.Kf1 Qxh3+ 45.Kg1 Qg4+ 46.Kh1 Qf3+ 47.Kg1 Qg4+
48.Kh1 Qh5+ 49.Kg1 Qg4+  1/2-1/2